01474cam a2200241 a 450000100100000000500170001000800410002702000150006804000250008308200180010810000330012624500500015926000660020930000200027549000460029552005320034165000300087365000320090383000460093595201150098195201210109699900150121700000630720200929153918.0940425s1993 ve 001 0 spa  a9802531235 aDO-SdBNPbspacBNPHU aV861.44bJ27c1 aJames, Miguel,d1953-91759813aLa casa caramelo de la bruja /cMiguel James. aCaracas, Venezuela :bFUNDARTE. Alcaldía de Caracas,c1993. a83 p. ;c21 cm.1 aCuadernos de difusiónvno. 202.aPoesia1 a"Pese al escaso Reconocimiento crítico de su obra, en esta, asi como en sus anteriores colecciones Itala-Mi novia como flores (1988) y Albanel Tuttifrutti, Blanca y otras (1990) - Miguel James incluye Algunos de los poemas mas original provocativos que se hayan escrito en Venezuela la segunda mitad del siglo XX. ingenuo El tono con que la vida erótica, la rutina urbana, la literatura y la cultura de masas se mezclan, crea un discurso irreverente, pero a la vez espiritual " - Handbook of Latin American Studies, vol 58. 4aPoesía venezolana94230 4aLiteratura venezolana93816 0aCuadernos de difusión ;vno. 202.96694 001050718MOaGRbGRcHDd2009-08-27iLF1l0oV861.44 J27cp6307-10r2020-06-25w2020-06-25y1ZNo se presta 001150718MOaGRbGRcMId2017-05-26iLF1l0oV861.44 J27cp6307-20r2020-06-25te. 2w2020-06-25y1ZNo se presta c6102d6102